<?xml version="1.0" encoding="UTF-8"?><?xml-stylesheet type="text/xsl" href="static/style.xsl"?><OAI-PMH xmlns="http://www.openarchives.org/OAI/2.0/" xmlns:xsi="http://www.w3.org/2001/XMLSchema-instance" xsi:schemaLocation="http://www.openarchives.org/OAI/2.0/ http://www.openarchives.org/OAI/2.0/OAI-PMH.xsd"><responseDate>2026-04-14T13:46:48Z</responseDate><request verb="GetRecord" identifier="oai:uvadoc.uva.es:10324/14101" metadataPrefix="marc">https://uvadoc.uva.es/oai/request</request><GetRecord><record><header><identifier>oai:uvadoc.uva.es:10324/14101</identifier><datestamp>2021-06-29T11:07:32Z</datestamp><setSpec>com_10324_38</setSpec><setSpec>col_10324_852</setSpec></header><metadata><record xmlns="http://www.loc.gov/MARC21/slim" xmlns:doc="http://www.lyncode.com/xoai" xmlns:xsi="http://www.w3.org/2001/XMLSchema-instance" xmlns:dcterms="http://purl.org/dc/terms/" xsi:schemaLocation="http://www.loc.gov/MARC21/slim http://www.loc.gov/standards/marcxml/schema/MARC21slim.xsd">
<leader>00925njm 22002777a 4500</leader>
<datafield tag="042" ind1=" " ind2=" ">
<subfield code="a">dc</subfield>
</datafield>
<datafield tag="720" ind1=" " ind2=" ">
<subfield code="a">Castellanos Fuente, Cristina</subfield>
<subfield code="e">author</subfield>
</datafield>
<datafield tag="260" ind1=" " ind2=" ">
<subfield code="c">2015</subfield>
</datafield>
<datafield tag="520" ind1=" " ind2=" ">
<subfield code="a">Este estudio pretende concretar algunas de las tendencias más trasgresoras en el panorama musical a través de sus producciones más directas como son los videoclips. Twerking es un fenómeno reciente que no cuenta con investigaciones específicas, pero que debido a su gran influencia en la sociedad nos planteamos analizar para comprender la estética actual en videoclips, los nuevos estilos de baile y probablemente una evolución en la forma de pensar en la sociedad. Hablamos de uno de los estilos de baile más transgresores de la actualidad, así como una moda y tendencia artística. Este novedoso término tuvo sus comienzos hace ya algún tiempo y es ahora cuando se encuentra inmerso en la sociedad, capaz de crear todo un fanatismo. Me basaré en un recorrido histórico a través de sus influencias para llegar a la raíz y nacimiento del término, e investigaré sobre la gran acogida en el resto del mundo, a través del análisis del movimiento y tomando como muestra algunos videoclips que han visto la luz en el año 2014, localizando la reacción crítica de la sociedad.</subfield>
</datafield>
<datafield tag="024" ind2=" " ind1="8">
<subfield code="a">http://uvadoc.uva.es/handle/10324/14101</subfield>
</datafield>
<datafield ind1=" " ind2=" " tag="653">
<subfield code="a">Sexismo en los medios de comunicación social</subfield>
</datafield>
<datafield tag="245" ind1="0" ind2="0">
<subfield code="a">Twerking: el “baile prohibido”. Análisis del auge del carácter pornográfico de clips musicales en 2014</subfield>
</datafield>
</record></metadata></record></GetRecord></OAI-PMH>